000 00641nam a2200241Ia 4500
003 OSt
005 20220924132456.0
006 a|||||r|||| 00| 0
007 ta
008 220923b |||||||| |||| 00| 0 san d
024 _a57922
037 _cTextual
040 _aARTS
_cARTS
_bsan
041 _2san
_asan
082 _aQ1:21:9, 15G4
100 _aSatyananananda Tirtha
_9204318
245 0 _aVeda prakasa ed by Pattabhirama Sastri
260 _c1934
490 _aChowkhamba sanskrit series; 425
650 _aRELIGION
942 _hQ1:21:9, 15G4
_cTEXL
_2CC
999 _c430336
_d430336